Decoración de interiores / (Registro nro. 9832)
[ vista simple ]
| 000 -LEADER | |
|---|---|
| Campo de control de longitud fija | 00877nam a22002657a 4500 |
| 003 - IDENTIFICADOR DEL NÚMERO DE CONTROL | |
| Campo de control | PE SENCICO BE |
| 005 - FECHA Y HORA DE LA ÚLTIMA TRANSACCIÓN | |
| Campo de control | 20260304192636.0 |
| 008 - ELEMENTOS DE LONGITUD FIJA - INFORMACIÓN GENERAL | |
| Campo de control de longitud fija | 260210b |||||||| |||| 00| 0 eng d |
| 020 ## - ISBN | |
| ISBN | 968-24-2309-0 |
| 040 ## - FUENTE DE CATALOGACIÓN | |
| Origen de catalogación | PE SENCICO BE |
| Agencia que realiza la transcripción | PE SENCICO BE |
| 041 ## - CÓDIGO DE IDIOMA | |
| Idioma del texto | spa |
| 082 ## - NÚMERO DE CLASIFICACIÓN DECIMAL DEWEY | |
| Código de Clasificación Dewey | 747 |
| Notación Interna | F81 |
| 100 1# - ASIENTO PRINCIPAL--NOMBRE PERSONAL | |
| Autor Personal | Francés, Juan Ramón |
| 9 (RLIN) | 224 |
| Término relacionado | autor |
| 245 1# - MENCIÓN DEL TITULO | |
| Título | Decoración de interiores / |
| Mención de responsabilidad | Juan Ramón Francés |
| 250 ## - MENCIÓN DE EDICIÓN | |
| Edición | 1a ed. |
| 260 ## - PUBLICACIÓN, DISTRIBUCIÓN, ETC. (PIE DE IMPRENTA) | |
| Lugar de publicación, distribución, etc. | México, D. F. : |
| Nombre de la Editorial, Distribuidor, etc. | Trillas ; |
| Fecha de publicación, distribución, etc. | 1989 |
| 300 ## - DESCRIPCIÓN FÍSICA | |
| Paginación | 553 páginas : |
| Otros detalles físicos | fotografias, cuadros, diagramas ; |
| Dimensión | 27 cm. |
| 505 0# - NOTA DE CONTENIDO CON FORMATO PREESTABLECIDOE | |
| Contenido o índice | Color -- Estilos -- Planeación -- Fondos -- Iluminación |
| 520 3# - NOTA DE RESUMEN, ETC. | |
| Resumen, etc. | Detalla aspectos de la decoración de interiores |
| 650 10 - ASIENTO SECUNDARIO DE MATERIA - TERMINO TEMÁTICO | |
| Término de tema o elemento de entrada de nombre geográfico | Color en el diseño |
| 9 (RLIN) | 435 |
| 650 20 - ASIENTO SECUNDARIO DE MATERIA - TERMINO TEMÁTICO | |
| Término de tema o elemento de entrada de nombre geográfico | Diseño de interiores |
| 9 (RLIN) | 315 |
| 650 20 - ASIENTO SECUNDARIO DE MATERIA - TERMINO TEMÁTICO | |
| Término de tema o elemento de entrada de nombre geográfico | Iluminación arquitectónica |
| 9 (RLIN) | 400 |
| 910 ## - RESPONSABLE DEL REGISTRO | |
| Coordinador de procesamiento de la información | hfp |
| 942 ## - ELEMENTOS DE KOHA | |
| Fuente de clasificación o esquema de estanterías | Dewey Decimal Classification |
| Tipo de documento | Libros |
| 999 ## - | |
| -- | 9832 |
| -- | 9832 |
| Estado Retiro | Estado Perdido | Sistema de Clasificación o Esquema de Estantería | Estado Dañado | No es para préstamo | Ubicación Permanente | Ubicación Actual | Fecha de adquisición | Total Checkouts | Signatura topográfica completa | Código de Barras | Date last seen | Precio efectivo desde | Tipo de ítem |
|---|---|---|---|---|---|---|---|---|---|---|---|---|---|
| Dewey Decimal Classification | Biblioteca Piura | Biblioteca Piura | 10/02/2026 | 747/F81 | BibZpiur26022617 | 10/02/2026 | 10/02/2026 | Libros |